000 00881nam a2200265Ia 4500
001 21910
005 20260320113324.0
008 260320s9999||||xx |||||||||||||| ||und||
020 _a9788448600716
041 _aESP
082 _a616
_bI477 V. 2
100 _aIsselbacher, Kurt J.,
_eEDT
245 0 _aHarrison:
_bPrincipios de medicina interna
246 _a
_5
_b
250 _aDécimotercera edición
260 _aMadrid :
_bMcGraw-Hill,
_c1997
300 _axxxii, 1438-3029 :
_bcuadros, ilustraciones ;
_c29 cm.
_e
440 _a
_n
_v
650 _aMED
653 _aMedicina interna; Enfermedades
654 _aCCS
700 _aBraunwald, Eugene; Wilson, Jean D.; Martin, Joseph B. [y otros dos]
_cEDTS
856 _uhttps://accessmedicina-mhmedical-com.ucsp.lookproxy.com/
_zVéase además: Base de datos McGraw Hill Access Medicina
942 _cLIB
_dJUS
_fMIP
_2ddc
_n
999 _c21910
_d21910